10 religioni più diffuse al mondo - Statistics

Statistiche generali
  • Questo quiz è stato fatto 203 volte
  • Il punteggio medio è 6 su 10
Statistiche sulle risposte
Numero di Fedeli Religione % Corretto
2,4 miliardi Cristianesimo
100%
2 miliardi Islam
98%
1,2 miliardi Induismo
91%
500 milioni Buddismo
90%
15 milioni Ebraismo
75%
400 milioni Religioni tradizionali cinesi (Confucianesimo, Taoismo e Credenze popolari cinesi)
56%
5 milioni Shintoismo
38%
50 milioni Religioni tradizionali africane (Animismo)
25%
30 milioni Sikhismo
18%
7 milioni Bahá'í
7%
Nessun quiz corrispondente trovato
Distribuzione punteggi
Percentuale di utenti per punteggio
Percentile per numero di risposta
I tuoi punteggi nel tempo
Non hai fatto questo quiz